Country Triplets Quiz Stats

 Plays Quiz Updated Sep 23, 2013

Also try: Border Countries
Challenge
Share
Tweet
Embed
Score 0/27 Timer 05:00
14 Plays Today
Hint Answer % Correct
3 Countries Bordering ChileArgentina
94.3%
3 Countries Bordering ChilePeru
89.9%
3 Least Populated European Island CountriesMalta
82.9%
3 Least Populated European Island CountriesCyprus
82.6%
3 Countries Bordering ChileBolivia
82%
3 Least Populated European Island CountriesIceland
78.7%
3 Enclaved* CountriesVatican City
76.6%
3 Largest Countries in Africa by AreaAlgeria
76.1%
3 Largest Countries in Africa by AreaSudan
74.3%
3 Largest Countries in Africa by AreaDemocratic Republic of the Congo
72.3%
3 Countries Occupying BorneoIndonesia
72%
3 Countries Occupying BorneoMalaysia
67.4%
3 Enclaved* CountriesLesotho
67.4%
3 Enclaved* CountriesSan Marino
66.7%
Hint Answer % Correct
3 Countries Beginning and Ending M____SMaldives
61.9%
3 Countries Beginning and Ending M____SMauritius
61.6%
3 Countries whose Flag contains only Green and WhiteNigeria
60.7%
3 Countries with Capitals that begin 'Ha'Cuba (Havana)
59.4%
3 Countries Occupying BorneoBrunei
56.3%
3 Countries containing the consecutive letters 'Ji'Djibouti
54.4%
3 Countries with Capitals that begin 'Ha'Vietnam (Hanoi)
48.9%
3 Countries containing the consecutive letters 'Ji'Tajikistan
45.5%
3 Countries containing the consecutive letters 'Ji'Fiji
43.2%
3 Countries Beginning and Ending M____SMarshall Islands
40.9%
3 Countries with Capitals that begin 'Ha'Zimbabwe (Harare)
38%
3 Countries whose Flag contains only Green and WhitePakistan
32.7%
3 Countries whose Flag contains only Green and WhiteSaudi Arabia
30.7%

You're not logged in!

Compare scores with friends on all Sporcle quizzes.
Join for Free
OR
Log In

You Might Also Like...

Show Comments

Extras

Top Quizzes Today


Score Distribution

Your Account Isn't Verified!

In order to create a playlist on Sporcle, you need to verify the email address you used during registration. Go to your Sporcle Settings to finish the process.

Report this User

Report this user for behavior that violates our Community Guidelines.

Details: